Dôchodková reforma
Minulosť dôchodkových systémov a vnímania potreby dôchodkového zabezpečenia ľudskou spoločnosťou. Štyri základné typy dôchodkových reforiem štátnych priebežných systémov, tak ako boli alebo sú uskutočňované vo svete. Dôchodková reforma na Slovensku. Dôchodkové systémy vo vybraných krajinách Chile. R...
Gespeichert in:
| 1. Verfasser: | |
|---|---|
| Format: | Buchkapitel |
| Sprache: | Slowakisch |
| Schlagworte: | |
| Tags: |
Keine Tags, Fügen Sie das erste Tag hinzu!
|
MARC
| LEADER | 00000naa$a2200000$$$4500 | ||
|---|---|---|---|
| 001 | 0041839 | ||
| 005 | 20231107122222.6 | ||
| 041 | 0 | |a slo | |
| 044 | |a SK | ||
| 245 | 1 | 0 | |a Dôchodková reforma |c Ivan Mištek |
| 520 | |a Minulosť dôchodkových systémov a vnímania potreby dôchodkového zabezpečenia ľudskou spoločnosťou. Štyri základné typy dôchodkových reforiem štátnych priebežných systémov, tak ako boli alebo sú uskutočňované vo svete. Dôchodková reforma na Slovensku. Dôchodkové systémy vo vybraných krajinách Chile. Reformy dôchodkového systému v krajinách V4. Efektívnosť dôchodkového systému na základe kritérií. Výhody a nevýhody reformovaných dôchodkových systémov. | ||
| 610 | 2 | 0 | |a systémy dôchodkové |
| 610 | 2 | 0 | |a efektívnosť |
| 610 | 2 | 0 | |a reformy dôchodkové |
| 610 | 2 | 0 | |a Slovensko |
| 610 | 2 | 0 | |a Čile |
| 610 | 2 | 0 | |a Vyšehradská štvorka |
| 100 | 1 | |a Mištek, Ivan | |